000
00337nam a2200145Ia 4500
008
191201s2008 xx 000 0 und d
082
_a
621.380413
_b
PRD
100
_a
PROAKIS, John G
245
0
_a
Digital Communications
250
_a
5th
260
_a
N.Delhi
_b
MGH
_c
2008
300
_a
1150
650
_a
B.Tech(ECE)
942
_2
ddc
_c
BK
999
_c
3926
_d
3926